<?xml version="1.0" encoding="UTF-8"?>
<record
    xmlns:xsi="http://www.w3.org/2001/XMLSchema-instance"
    xsi:schemaLocation="http://www.loc.gov/MARC21/slim http://www.loc.gov/standards/marcxml/schema/MARC21slim.xsd"
    xmlns="http://www.loc.gov/MARC21/slim">

  <leader>00475nam a2200133   4500</leader>
  <controlfield tag="005">20250127115615.0</controlfield>
  <controlfield tag="008">250127b        </controlfield>
  <datafield tag="020" ind1=" " ind2=" ">
    <subfield code="a">3-926105-18-6</subfield>
  </datafield>
  <datafield tag="100" ind1=" " ind2=" ">
    <subfield code="a">Spartalis,Peter James:</subfield>
  </datafield>
  <datafield tag="245" ind1=" " ind2=" ">
    <subfield code="a">Last of  the Livingstones;</subfield>
    <subfield code="b">Pioneer Missionary Statesman/</subfield>
    <subfield code="c">Peter James Spartalis. with an epilogue by Eberhard Troeger  Mit einer deutschen Zusammenfassung von christof sauer/</subfield>
  </datafield>
  <datafield tag="250" ind1=" " ind2=" ">
    <subfield code="a">afem mission scripts</subfield>
  </datafield>
  <datafield tag="260" ind1=" " ind2=" ">
    <subfield code="a">.-Bonn ,</subfield>
    <subfield code="b">culture and science</subfield>
    <subfield code="c">,1994</subfield>
  </datafield>
  <datafield tag="942" ind1=" " ind2=" ">
    <subfield code="2">lcc</subfield>
  </datafield>
  <datafield tag="999" ind1=" " ind2=" ">
    <subfield code="c">7</subfield>
    <subfield code="d">7</subfield>
  </datafield>
</record>
